Ilustración digital : una clase magisterial de creación de imágenes /

Αποθηκεύτηκε σε:
Λεπτομέρειες βιβλιογραφικής εγγραφής
Κύριος συγγραφέας: Zeegen, Lawrence (autor)
Μορφή: Βιβλίο
Γλώσσα:Ισπανικά
Έκδοση: Barcelona, España : Promopress, 2007, c2007
Θέματα:
Ετικέτες: Προσθήκη ετικέτας
Δεν υπάρχουν, Καταχωρήστε ετικέτα πρώτοι!

MARC

LEADER 00000nam^a2200000^a^4500
001 000287081
005 20250521000000.0
009 20260310111827.644
020 |a 84-611-2710-2 
037 |a Acervo ITESO - Biblioteca 
041 |a ESP 
082 |a 741. 60285  |b ZEE 
100 |a Zeegen, Lawrence  |e (autor) 
245 1 0 |a Ilustración digital :  |b una clase magisterial de creación de imágenes /  |c L. Zeegen ; tr. por Xavier Faraudo Gener. 
264 4 |a Barcelona, España :  |b Promopress,  |c 2007, c2007 
300 |a 176 p. 
336 |a texto  |b txt  |2 rdacontenido 
337 |a sin mediación  |b n  |2 rdamedio 
338 |a volumen  |b nc  |2 rdasoporte 
500 |a Traducción de: Digital Illustration: A Master Class in Creative Image-Making 
521 |a 2012 BO Licenciatura en Ciencias de la Comunicación 
521 |a 2012 BO Licenciatura en Comunicación y Artes Audiovisuales 
521 |a 2012 BO Licenciatura en Periodismo y Comunicación Pública 
521 |a 2012 BO Licenciatura en Publicidad y Comunicación Estratégica 
649 |a XX 
650 |a Imagen 
650 |a Digitalización (Imagen) 
650 |a Ilustración (Diseño) -  |x Técnica -  |x Tema Principal 
650 |a Diseño Asistido por Computadora -  |x Tema Principal 
650 |a Diseño Gráfico -  |x Técnica 
650 |a Comunicación Visual 
910 |a Fondo General 
920 |a Impresos - Libros 
930 |a Reserva Especial 
905 |a 103 
901 |a 0500173866  |b IT1  |c REE  |i 000054  |u 20250521 
902 |a https://opac.biblio.iteso.mx/vufind/Record/000287081